| 000 | 00483ntaaa2200193 4500 | ||
|---|---|---|---|
| 003 | 01 | ||
| 005 | 20251027201743.0 | ||
| 008 | 0714s1973 ag 01 | ||
| 040 |
_aAR-BaBN _bspa _cAR-BaBN _eaacr _dRIC |
||
| 082 | _a239.8000 R29 | ||
| 100 |
_aReno, Cora A. _916101 |
||
| 245 | _aEs un hecho la evolucion? | ||
| 250 | _a1 ed. | ||
| 260 |
_aEl Paso : _bCasa Bautistta de Publicaciones, _cs.f. |
||
| 300 | _a128 p | ||
| 650 |
_aevolución _91909 |
||
| 650 | _aapologética | ||
| 942 | _cBK | ||
| 999 |
_c12235 _d12235 |
||